| 000 | 00368nam a22001577a 4500 | ||
|---|---|---|---|
| 003 | OSt | ||
| 008 | 240101b |||||||| |||| 00| 0 eng d | ||
| 020 | _a9780143424680 | ||
| 082 |
_a428.1 _bLEW |
||
| 100 | _aLEWIS , Norman | ||
| 245 | _aWord Power Made Easy | ||
| 260 |
_aNEW DELHI _b Goyal Publisher _c2015 |
||
| 300 | _a528 | ||
| 650 | _aLanguage | ||
| 942 |
_2ddc _cBK |
||
| 999 |
_c12148 _d12148 |
||